God's wisdom for little girls / (Record no. 3032)

MARC details
000 -LEADER
fixed length control field 00947cam a22002774a 4500
005 - DATE AND TIME OF LATEST TRANSACTION
control field 20240131142000.0
020 ## - INTERNATIONAL STANDARD BOOK NUMBER
International Standard Book Number 0736904271
040 ## - CATALOGING SOURCE
Original cataloging agency DLC
Transcribing agency DLC
Modifying agency DLC
Language of cataloging eng
050 00 - LIBRARY OF CONGRESS CALL NUMBER
Classification number BV4551.G46
Item number 2000
082 00 - DEWEY DECIMAL CLASSIFICATION NUMBER
Classification number 248.82
100 1# - MAIN ENTRY--PERSONAL NAME
Personal name George, Elizabeth
Dates associated with a name 1944-
245 10 - TITLE STATEMENT
Title God's wisdom for little girls /
Statement of responsibility, etc. Elizabeth George ; paintings by Judy Luenebrink.
260 ## - PUBLICATION, DISTRIBUTION, ETC.
Place of publication, distribution, etc. Eugene, Oregon :
Name of publisher, distributor, etc. Harvest House Publishers ,
Date of publication, distribution, etc. 2000
300 ## - PHYSICAL DESCRIPTION
Extent 42 unnumbered pages :
Other physical details color illustrations ;
Dimensions 21 cm.
505 ## - FORMATTED CONTENTS NOTE
Formatted contents note K <br/>
520 ## - SUMMARY, ETC.
Summary, etc. The author interprets parts of the book of Proverbs for very young girls.
521 ## - TARGET AUDIENCE NOTE
Target audience note 510 <br/>
Source Lexile <br/>
521 ## - TARGET AUDIENCE NOTE
Target audience note K <br/>
Source Raz-Plus <br/>
650 #0 - SUBJECT ADDED ENTRY--TOPICAL TERM
Topical term or geographic name entry element Girls
General subdivision Religious life.
650 #0 - SUBJECT ADDED ENTRY--TOPICAL TERM
Topical term or geographic name entry element Christian life
General subdivision Biblical teaching
Form subdivision Juvenile literature.
650 #1 - SUBJECT ADDED ENTRY--TOPICAL TERM
Topical term or geographic name entry element Christian life.
700 1# - ADDED ENTRY--PERSONAL NAME
Personal name Luenebrink, Judy
Relator term illustrator
906 ## - LOCAL DATA ELEMENT F, LDF (RLIN)
a 7
b cbc
c orignew
d 1
e ocip
f 20
g y-gencatlg
942 ## - ADDED ENTRY ELEMENTS (KOHA)
Source of classification or shelving scheme Dewey Decimal Classification
Koha item type Books
Suppress in OPAC No
999 ## -
-- 3032
-- 3032
Holdings
Withdrawn status Lost status Source of classification or shelving scheme Damaged status Not for loan Collection Home library Current library Shelving location Date acquired Total Checkouts Full call number Barcode Date last seen Price effective from Koha item type
    Dewey Decimal Classification     Non-Fiction Footprints International School Library Network Toul Kork Campus Footprints International School Library Network Toul Kork Campus   01/31/2024   GEO 248.82 BV4551.G46 FISBK05875 01/31/2024 01/31/2024 Books